000 00857nam a2200229Ia 4500
003 GCL
008 140319s9999 xx 000 0 ara d
020 _a3184843052
040 _aGCL /
_cGCL
082 0 4 _a305.42953
_bن ت
100 1 _aنور الضحى الشطى
245 1 0 _aتنظيم النساء :
_bالاجماعات النسائية الرسمية و غير الرسمية فى الشرق الاوسط /
_cنور الضحى الشطى
250 _aالاولى
260 _aسوريا :
_bدار المدى ،
_c2001
300 _a216 ص ؛
_c24 سم
650 0 4 _aالمرأة فى الحياة العامة
650 0 4 _aالمرأة العاملة
650 0 4 _aالمرأة - احوال اجتماعية
650 0 4 _aالمرأة - جمعيات
650 0 4 _aالمرأة - الحياة الاجتماعية
942 _2ddc
_cBK
999 _c5918
_d5918